000 01048cab a2200205 4500
001 L130919
008 050919n2005 000 0 eng u
035 _a(Sirsi) u130919
041 0 _aeng
100 1 _aGrove, Peter
245 _aGetting HIP
260 _c2005
490 _aHouse Builder
_v64(8) September 2005, 49(1)
520 _aQuestions whether Home Information Packs (HIPs) which have to be made available for buyers from early 2007, will be a cost, danger or opportunity to developers. Looks in detail at sales off-plan and part exchange under the HIP regime. HIPs will be required for newly built homes, even for those sold off-plan and part exchange buyers may well have to provide a HIP at the moment their existing homes are offered in part exchange. Developers need to think about these issues now.
590 _aIKA270905
650 _aHOUSING ACT 2004 PART V
650 _aHOUSING ACT 2004 S149
690 _aPROPERTY-RESIDENTIAL PROPERTY-ACQUISITION AND DISPOSAL OF RESIDENTIAL PROPERTY-HOME BUYING REFORM
942 _n0
999 _c75882
_d75882